|
|
|
|
| LEADER |
01971nam a2200349 u 4500 |
| 001 |
10017336 |
| 003 |
upatras |
| 005 |
20210117205057.0 |
| 008 |
881025m19961998uk eng |
| 040 |
|
|
|a GR-PaULI
|c GR-PaULI
|
| 041 |
0 |
|
|a eng
|
| 082 |
0 |
4 |
|a 532
|
| 100 |
1 |
|
|a Lions, Pierre-Louis
|9 139412
|
| 245 |
1 |
0 |
|a Mathematical topics in fluid mechanics
|c Pierre - Louis Lions
|
| 260 |
|
|
|a Oxford
|b Oxford University Press
|
| 300 |
|
|
|a 2 v.
|c 24 cm.
|
| 490 |
0 |
|
|a Oxford lecture series in mathematics and its applications
|v 3, 10
|
| 505 |
0 |
|
|a v.1. Incompressible models. - xiv, 237 p. - 1996 --
|a v.2. Compressible models. - xiv, 348 p. - 1998.
|
| 650 |
|
4 |
|a Αριθμητικές μέθοδοι
|9 131
|
| 650 |
|
4 |
|a Ρευστομηχανική
|9 1308
|
| 760 |
0 |
|
|a Oxford lecture series in mathematics and its applications
|g 3, 10
|
| 852 |
|
|
|a GR-PaULI
|b ΠΑΤΡΑ
|b ΒΚΠ
|b ΒΣ1
|k ΑΣΧΕ
|h 532 L
|m 044494
|p 025000057165
|t 2
|3 v.2
|
| 852 |
|
|
|a GR-PaULI
|b ΠΑΤΡΑ
|b ΒΚΠ
|b ΒΣ1
|k ΑΣΧΞ
|h 532 L
|m 32879
|p 025000057004
|t 1
|3 v.1
|
| 852 |
|
|
|a GR-PaULI
|b ΠΑΤΡΑ
|b ΒΚΠ
|b ΒΣ1
|k ΑΣΧΞ
|h 532 L
|m 050821
|p 025000067597
|t 2
|3 v.1
|
| 852 |
|
|
|a GR-PaULI
|b ΠΑΤΡΑ
|b ΒΚΠ
|b ΒΣ1
|k ΑΣΧΞ
|h 532 L
|m 044493
|p 025000057166
|t 1
|3 v.2
|
| 942 |
|
|
|2 ddc
|c BK15
|
| 952 |
|
|
|0 0
|1 0
|3 v.2
|4 0
|6 532_000000000000000_L
|7 0
|9 168147
|a LISP
|b LISP
|c BSC
|d 2016-04-24
|i 044494
|l 0
|o 532 L
|p 025000057165
|r 2016-04-24 00:00:00
|t 2
|w 2016-04-24
|y BK15
|
| 952 |
|
|
|0 0
|1 0
|3 v.1
|4 0
|6 532_000000000000000_L
|7 0
|9 168148
|a LISP
|b LISP
|c BSC
|d 2016-04-24
|i 32879
|l 0
|o 532 L
|p 025000057004
|r 2016-04-24 00:00:00
|t 1
|w 2016-04-24
|y BK15
|
| 952 |
|
|
|0 0
|1 0
|3 v.1
|4 0
|6 532_000000000000000_L
|7 0
|9 168149
|a LISP
|b LISP
|c BSC
|d 2016-04-24
|i 050821
|l 0
|o 532 L
|p 025000067597
|r 2016-04-24 00:00:00
|t 2
|w 2016-04-24
|y BK15
|
| 952 |
|
|
|0 0
|1 0
|3 v.2
|4 0
|6 532_000000000000000_L
|7 0
|9 168150
|a LISP
|b LISP
|c BSC
|d 2016-04-24
|i 044493
|l 0
|o 532 L
|p 025000057166
|r 2016-04-24 00:00:00
|t 1
|w 2016-04-24
|y BK15
|
| 998 |
|
|
|c ΗΛΙΟΠΟΥΛΟΥ
|d 1999-10
|
| 999 |
|
|
|c 105150
|d 105150
|